Palabras sin tiempo : (Registro nro. 13477)

Detalles MARC
000 -LEADER
fixed length control field 00909nam a22002777a 4500
003 - CONTROL NUMBER IDENTIFIER
control field DO-SdBNP
005 - DATE AND TIME OF LATEST TRANSACTION
control field 20210511115430.0
008 - FIXED-LENGTH DATA ELEMENTS--GENERAL INFORMATION
fixed length control field 210308b 2017 dr 00| 0 spa d
020 ## - INTERNATIONAL STANDARD BOOK NUMBER
International Standard Book Number 9789945503159
040 ## - CATALOGING SOURCE
Original cataloging agency BPMSU
Language of cataloging Spa
Transcribing agency BPMSU
082 ## - DEWEY DECIMAL CLASSIFICATION NUMBER
Classification number RD861.44
Item number M843p 2017
Edition number 22
100 1# - MAIN ENTRY--PERSONAL NAME
Personal name Moreno Jimenes
Dates associated with a name 1894,-1986
110 ## - MAIN ENTRY--CORPORATE NAME
Corporate name or jurisdiction name as entry element
245 10 - TITLE STATEMENT
Title Palabras sin tiempo :
Remainder of title [selección poética] /
Statement of responsibility, etc. Domingo Moreno Jimenes ; selección y prólogo de Manuel Mora Serrano
260 ## - PUBLICATION, DISTRIBUTION, ETC. (IMPRINT)
Place of publication, distribution, etc. Santo Domingo :
Name of publisher, distributor, etc. Editora Nacional,
Date of publication, distribution, etc. 2017
300 ## - PHYSICAL DESCRIPTION
Extent xxviii, 166 p ;
Dimensions 21 cm.
490 0# - SERIES STATEMENT
Series statement Biblioteca dominicana básica;
-- Poesía
500 ## - GENERAL NOTE
General note Incluye datos biográficos del autor en la solapa de la cubierta
590 ## - LOCAL NOTE (RLIN)
Linkage (RLIN) Inventariado, 2021/VM
650 #4 - SUBJECT ADDED ENTRY--TOPICAL TERM
Topical term or geographic name as entry element Poesía dominicana
650 #4 - SUBJECT ADDED ENTRY--TOPICAL TERM
Topical term or geographic name as entry element Literatura dominicana
700 1# - ADDED ENTRY--PERSONAL NAME
Personal name Mora Serrano, Manuel
Relator term pról.
830 ## - SERIES ADDED ENTRY--UNIFORM TITLE
Uniform title Poesía
910 ## - USER-OPTION DATA (OCLC)
User-option data VMateo
942 ## - ADDED ENTRY ELEMENTS (KOHA)
Source of classification or shelving scheme Dewey Decimal Classification
Koha item type Libros
Existencias
Withdrawn status Lost status Source of classification or shelving scheme Damaged status Not for loan Collection code Home library Current library Date acquired Source of acquisition Full call number Barcode Date last seen Price effective from Koha item type Copy number
    Dewey Decimal Classification     Colección Dominicana Biblioteca Pública Metropolitana Salomé Ureña Biblioteca Pública Metropolitana Salomé Ureña 05/11/2021 Editora Nacional BPMSU CD RD861.44 M843p 2017 BPMSU21050038 05/11/2021 05/11/2021 Libros  
    Dewey Decimal Classification     Colección Dominicana Biblioteca Pública Metropolitana Salomé Ureña Biblioteca Pública Metropolitana Salomé Ureña 05/11/2021 Editora Nacional BPMSU CD RD861.44 M843p 2017 BPMSU21050039 05/11/2021 05/11/2021 Libros e.2
    Dewey Decimal Classification     Colección Dominicana Biblioteca Pública Metropolitana Salomé Ureña Biblioteca Pública Metropolitana Salomé Ureña 05/11/2021 Editora Nacional BPMSU CD RD861.44 M843p 2017 BPMSU21050040 05/11/2021 05/11/2021 Libros e.3